00365 2200145 4500001002100000005001500021035002400036090002000060245004700080250001000127260002500137300002700162990001500189990001500204YOGYA00000000001701620140822190002 0010-081400000016734 aR 387.003 sub K aKamus perkapalan dan bisnis cet.3cSubandi acet.3 aJakartabArcanc1992 aviii, 185 hlm.c21 cm. a41400-P/93 a41401-P/93